000 00608nam a2200229Ia 4500
005 20260320202005.0
008 008 262003s9999 xx 000 0 eng d
037 _aEBOOK
040 _aCRL
040 _beng
040 _cCRL
041 _2eng
041 _aeng
084 _qCRL
100 _aLee
245 0 _aWindows Server Automation with PowerShell Cookbook: Powerful ways to automate and manage Windows administrative tasks
260 _bIEEE
856 _uhttps://ieeexplore.ieee.org/servlet/opac?bknumber=10163143
942 _cEBOOK
999 _c1724692
_d1724692